South Eastern Kenya University

Library Online Public Access Catalogue


Personality psychology : (Record no. 6518)

MARC details
000 -LEADER
fixed length control field 00588cam a22001934a 4500
020 ## - ISBN
International Standard Book Number 9780073370682 (alk. paper)
020 ## - ISBN
International Standard Book Number 0073370681 (alk. paper)
020 ## - ISBN
International Standard Book Number 9780070164994 (pbk.)
020 ## - ISBN
International Standard Book Number 0070164991 (pbk.)
050 00 - LIBRARY OF CONGRESS CALL NUMBER
Classification Number BF698
Item Number .L37 2010
100 1# - MAIN ENTRY--Author
Personal name Larsen, Randy J.
245 10 - TITLE
Title Personality psychology :
Remainder of title domains of knowledge about human nature /
Statement of responsibility, etc Randy Larsen, David Buss.
250 ## - EDITIONSTATEMENT
Edition statement 4th ed.
260 ## - PUBLICATION, DISTRIBUTION, ETC.(IMPRINT)
Place of publication, distribution, etc New York :
Name of publisher, distributor, etc McGraw-Hill Higher Education,
Date of publication, distribution, etc c2010.
300 ## - PHYSICAL DESCRIPTION
Extent xxii, 724 p. :
650 #0 - SUBJECT--TOPIC
Form subdivision Textbooks.
700 1# - ADDED ENTRY--PERSONAL AUTHOR
Personal Name Buss, David M.
942 ## - ADDED ENTRY ELEMENTS(KOHA)
Source of classification or shelving scheme Library of Congress Classification
Koha item type General circulation

No items available.

Kitui, Kenya.
+254736116989
library@seku.ac.ke